• 首页
  • 本馆介绍
  • 公告通知
  • 最新文献
  • 馆藏检索
  • 电子资源
  • 读者导购
  • 参考咨询
  • 我的图书馆
  • 登录
  • 详细信息显示
  • 放入我的书架
  • 预约/预借图书
  • 作者相关作品
  • 分类相关作品
  • 丛书相关作品
  • 出版社相关作品

书目信息

  • 表格格式
  • 工作单格式
  • 卡片格式
题名:
紫外光谱在有机化学中的应用
    
 
作者: 黄量 于德泉
分册: 下册  
出版信息: 北京   科学出版社  1988
页数: 648
开本: 26cm
丛书名:
单 册:
中图分类: Q657.3
科图分类:
主题词: 生物物理学:热学
电子资源:
ISBN: 7-03-000624-0
000 00588nam0 2200181 450
001 0741144344
005 20070817112544.34
010    @a7-03-000624-0@b精装@d¥80.00
100    @a20070817d km y0chiy0120 ea
101 0  @achi
200 1  @a紫外光谱在有机化学中的应用@Azi wai guang pu zai you ji hua xue zhong de ying yong@h下册@f黄量 于德泉@Fhuang liang yu de quan
210    @a北京@c科学出版社@d1988
215    @a648@d26cm
606 0  @a生物物理学:热学
690    @aQ657.3@v3
701  0 @a黄量 于德泉@Ahuang liang yu de quan
801  0 @aCN@bPFT@c20070817
905    @a213230@dQ657.3@en1:2@f1
    
    紫外光谱在有机化学中的应用.下册/黄量 于德泉.-北京:科学出版社,1988
    648;26cm
    
    
    ISBN 7-03-000624-0(精装):¥80.00
    
●
相关链接 在E读中查询图书 在五车中查询图书 在当当中查询图书 在豆瓣中查询图书


正题名:紫外光谱在有机化学中的应用     索取号:Q657.3/n1:2         预约/预借

序号 登录号 条形码 馆藏地/架位号 状态 备注
1 6600215   266002158   密集书库-生命科学系/ [索取号:Q657.3/n1:2] 在馆    
唐山师范学院图书馆 欢迎您!
大连网信软件有限公司© 版权所有